Регионална библиотека "Любен Каравелов" - Русе

Атомното ядро (Запис номер 59309)

MARC детайли
000 -Лидер
Контролно поле с фиксирана дължина nam a22 a 4500
003 - Код на организацията, давaща контролен номер
Контролно поле BLK
005 - Дата и час на последна редакция
Контролно поле 20220805141119.0
008 - Елементи от данни с фиксирана дължина
fixed length control field 180408b bul|||||r ||||||| ||bul||
010 ## - Наследен системен номер
LC control number KNG00063398000
040 ## - Източник на каталожния запис
Идентификатор на билиотеката - собственик на записа BLK
041 ## - Код за език
Код за езика на текст/звукозапис или на отделно заглавие Български
Код за езика КДБФ Български
080 ## - УДК
Текстов определител УДК Атомни ядра - Ядрени сили, свойства на ядрата, ядра във възбудено състояние и др. Вж и 539. 12; 541. 62
УДК код - определител по УДК 539.14
УДК - код + определител 539.14
100 1# - Редна дума - Автор
Автор Райчев, Петър Петров
Авторска отговорност първи автор
R(LIN) 369735
139 ## - Редно поле
Редна дума Райчев, Петър Петров
Авторски знак Раич - Р 29
245 10 - Сведения за заглавието
Заглавие Атомното ядро
Подзаглавни данни Научнопопул. очерк
Редно поле (дума) Петър Петров Райчев.
257 ## - Страна на издаване
Страна на създаване/издаване България
260 ## - Област на издателските данни
Име на издателя, разпространителя и проч. Нар. просв.
Година на издаване 1973
Място на издаване, разпространение и проч. София
300 ## - Физическа характеристика
Страници 152 с.
Илюстрации и др. с ил.
Размери/Мащаб 25 см
380 ## - Жанр
Жанр Естествени науки. Математика
650 #4 - Допълнително описание по предмет – тема
Основно описание – тема или топоним Атомно ядро
9 (RLIN) 147858
653 ## - Ключова дума – ненормативна
Ключова дума ядрена физика
653 ## - Ключова дума – ненормативна
Ключова дума атомна физика
852 ## - Местоположение
Форматна сигнатура Цб 69294
856 4# - Електронен адрес и достъп
Електронен формат pdf - файл
856 4# - Електронен адрес и достъп
Електронен формат pdf - файл
999 ## - СИСТЕМНИ КОНТРОЛНИ НОМЕРА
Koha biblionumber 59309
Koha biblioitemnumber 59309
942 ## - АРТИКУЛИ
Вид на библиотечния материал Книги
Скрит в OPAC Не
Периодичен библиозапис Да
944 ## - СЪЗДАВАНЕ И РЕДАКЦИЯ на ЗАПИСА
Създаване/Редакция Създаване
Дата на регистрацията/редакция 13.06.2004
Служител, извършил регистрацията/редакцията Геновева_Генчева
944 ## - СЪЗДАВАНЕ И РЕДАКЦИЯ на ЗАПИСА
Създаване/Редакция Редакция
Дата на регистрацията/редакция 11.09.2015
999 ## - СИСТЕМНИ КОНТРОЛНИ НОМЕРА
Koha biblioitemnumber 59309
Наличности
Код за отписване Код за изгубен артикул Източник на класификационната схема Код за повреда Коз за рестрикции Код за отдаване Артикулен № Име на библиотеката - собственик Име на библиотеката, в която се намира в момента Статус (Текущо местоположение) Дата на вписване в системата Местоположение - отдел Цена в лева Инвентарен номер Систематично азбучна сигнатура Баркод Номер на екземпляра Цена в евро Служебна бележка Служебен тип на артикула Бележка за публиката
  Не е изгубен Universal Decimal Classification Не е повреден без рестрикции ползва се в читалня 96755 Регионална библиотека "Любен Каравелов" Русе Регионална библиотека "Любен Каравелов" Русе Читалня 1993-01-01 Читалня 0.94 146406 Ч 539/Р 29 120000146406 1 0.48 Дата инв: 16.03.2017 Бележки инв: Ч2017 Книги  
Изтеглен Не е изгубен   Не е повреден без рестрикции заемане за дома 96756 Регионална библиотека "Любен Каравелов" Русе Регионална библиотека "Любен Каравелов" Русе   1987-01-01 Заемна - подръчен фонд 0.94 146404 П 539.14/Р 29 146404 2 0.48 N: стар фонд Дата: 01.01.1987 Книги Отч.N: 21/18 , Дата: 26.03.2018
Изтеглен Не е изгубен Universal Decimal Classification Не е повреден без рестрикции заемане за дома 96757 Регионална библиотека "Любен Каравелов" Русе Регионална библиотека "Любен Каравелов" Русе Заемна - подръчен фонд 1987-01-01 Заемна - подръчен фонд 3.00 643359 П 539.14/Р 29 643359 3 1.53 N: стар фонд Дата: 01.01.1987 Дата инв: 02.02.2018 Бележки инв: П2018 Книги  
  Не е изгубен Universal Decimal Classification Не е повреден само за читалня ползва се в читалня 899265 Регионална библиотека "Любен Каравелов" Русе Регионална библиотека "Любен Каравелов" Русе Хранилище 2022-08-09 Хранилище 0.94 145750 Цб 69294 120000145750   0.48   Книги  
Vip Innovations Ltd, Rousse, Bulgaria 2025